000
00196nam a22000857a 4500
008
170620b xxu||||| |||| 00| 0 eng d
100
_9
3571
_a
Sun
245
_a
Hindi Book
260
_a
New Delhi
_b
R.P
_c
2012
999
_c
6956
_d
6956